000 004640000a22001810004500
003 MACL
005 20150730161755.0
008 150730b xxu||||| |||| 00| 0 eng d
040 _aMACL
_cMACL
041 _aEnglish
082 _a350/NEE
100 _aMs. Neena
_93552
245 _aDevelopment Of Public Administration In India
260 _bAlfa Publication
_c2008
_aNew Delhi
350 _a650
650 _aPublic Administration
_93554
942 _cBK
_k350
_2ddc
999 _c7855
_d7855